Rainbow Six Siege Operators - Statistics

General Stats
  • This quiz has been taken 81 times
  • The average score is 37 of 71
Answer Stats
Hint Operators % Correct
Attacker Ash
82%
Attacker Blackbeard
80%
Attacker Blitz
75%
Defender Mute
75%
Defender Doc
71%
Defender Frost
71%
Defender Smoke
71%
Defender Bandit
69%
Attacker Sledge
69%
Defender Kapkan
67%
Defender Rook
67%
Attacker Ace
65%
Attacker Kali
65%
Attacker Fuze
63%
Attacker Thermite
63%
Defender Warden
61%
Attacker Buck
59%
Defender Castle
59%
Attacker Montagne
59%
Defender Azami
57%
Attacker Deimos
57%
Attacker Hibana
55%
Attacker Iana
55%
Attacker IQ
55%
Defender Jager
55%
Defender Melusi
55%
Defender Mozzie
55%
Defender Valkyrie
55%
Attacker Capitao
53%
Defender Clash
53%
Attacker Finka
53%
Attacker Lion
53%
Defender Mira
53%
Defender Pulse
53%
Attacker Ram
53%
Defender Tachanka
53%
Attacker Thatcher
53%
Attacker Twitch
53%
Attacker Brava
51%
Attacker Glaz
51%
Defender Solis
51%
Attacker Ying
51%
Attacker Amaru
49%
Defender Aruni
49%
Defender Kaid
49%
Defender Lesion
49%
Attacker Nomad
49%
Attacker Osa
49%
Defender Ela
47%
Defender Thorn
47%
Defender Wamai
47%
Attacker Gridlock
45%
Attacker Zofia
45%
Defender Alibi
41%
Defender Echo
41%
Defender Fenrir
41%
Defender Goyo
41%
Attacker Jackal
41%
Attacker Sens
41%
Defender Thunderbird
41%
Attacker Zero
41%
Attacker Dokkaebi
39%
Attacker Flores
37%
Defender Maestro
37%
Attacker Maverick
35%
Attacker Nokk
35%
Defender Tubarao
35%
Defender Vigil
35%
Attacker Grim
33%
Defender Oryx
33%
Defender Caveria
16%
No matching quizzes found
Score Distribution
Percent of People with Each Score
Percentile by Number Answered
Your Score History
You have not taken this quiz